Statistics for Top 25 White Rappers of All-Time

Click here to take the quiz!

General Stats

  • This quiz has been taken 175 times
  • The average score is 6 of 25

Answer Stats

#Rapper% Correct
1Eminem
100%
4Mac Miller
69%
7Machine Gun Kelly
40%
21Post Malone
38%
6Macklemore
32%
5G-Eazy
29%
8Lil Dicky
28%
11NF
27%
2Beastie Boys
21%
3Yelawolf
21%
9Action Bronson
18%
10Aesop Rock
15%
14R.A. The Rugged Man
15%
18El-P
13%
20Paul Wall
13%
19Kid Rock
12%
16Brother Ali
11%
24Hoodie Allen
10%
12Mike Shinoda
10%
13House of Pain
9%
15Rittz
9%
25Asher Roth
8%
17Everlast
7%
23Vinnie Paz
7%
22Weird Al Yankovic
6%

Score Distribution

Percentile by Number Answered

Percent of People with Each Score

Your Score History

You have not taken this quiz